000
00296nam a2200145Ia 4500
100
_a
Stoner/J.A.F
942
_c
BK
654
_a
management
245
_a
Management
260
_b
prentice hall
_a
New Delhi
_c
1987
082
_a
658.001
_b
STO
300
_a
714
546
_a
ENGLISH
999
_c
21727
_d
21727